00560nam a22002177a 450000500170000001000130001702000100003003500130004003700160005304000120006908200160008110000180009724500590011526000250017427000500019930000240024950000230027365000130029665000120030970000210032120170124105945.0 aA-544076 c00.00 aA-544076 bCen Lib/Ret aDPLbEN a220.21bDEB aDebroy, Bibek aThe rig veda /cby Bibek Debroy [and] Dipavali Debroy  aDelhibBooks For All ac-2/9, 3rd floor, ashok vihar bDelhie110052 aiv, 116p.c16cm(Hb) aIncludes glossary  aHinduis  aRigveda aDebroy, Dipavali